000 00650nam a22002057a 4500
003 UA-OsUOA
001 51042
007 ta
008 20140717b un ||||| |||| 00| 0 ukr d
090 _a050
942 _cMG
040 _aUA-OsUOA
_bukr
_cUA-OsUOA
_dUA-OsUOA
245 _aКалендар-альманах "Нового шляху" на 1966 р.
955 _a1
041 _aukr
080 _a050
260 _aВінніпег
_c1966
650 7 _a050 Серійні публікації. Періодика галузі, Організація та інші типи поєднання (співробітництва)
_2UDC
999 _c431188
_d431188